Informe final del Ejercicio Profesional Supervisado, realizado en la Dirección Departamental de Educación de Alta Verapaz/ (Registro nro. 1840)

Detalles MARC
000 -LEADER
campo de control de longitud fija 03032nam a22003137i 4500
001 - NÚMERO DE CONTROL
campo de control TCPA 9
003 - IDENTIFICADOR DE NÚMERO DE CONTROL
campo de control gtcocun
005 - FECHA Y HORA DE LA ÚLTIMA TRANSACCIÓN
campo de control 20250913005216.0
006 - CÓDIGOS DE INFORMACIÓN DE LONGITUD FIJA--CARACTERÍSTICAS DEL MATERIAL ADICIONAL
campo de control de longitud fija a||||gr|||| 00| 0
008 - DATOS DE LONGITUD FIJA--INFORMACIÓN GENERAL
campo de control de longitud fija 250913b2014 gt ||||| m||| 00| 0 eng d
040 ## - FUENTE DE CATALOGACIÓN
Centro catalogador/agencia de origen gtcocun
Lengua de catalogación SPA
Centro/agencia transcriptor gtcocun
Normas de descripción RDA
041 ## - CÓDIGO DE IDIOMA
Código de lengua del texto/banda sonora o título independiente SPA
084 ## - OTRO NÚMERO DE CLASIFICACIÓN
Número de control del registro de autoridad o número normalizado TCPA 9
100 ## - ENTRADA PRINCIPAL--NOMBRE DE PERSONA
Nombre de persona Alvarez Cardoza, Gabriela Esperanza
Término indicativo de función/relación Autor
245 ## - MENCIÓN DEL TÍTULO
Título Informe final del Ejercicio Profesional Supervisado, realizado en la Dirección Departamental de Educación de Alta Verapaz/
Mención de responsabilidad, etc. Gabriela Esperanza Alvarez Cardoza
Medio Impreso
264 ## - PRODUCCIÓN, PUBLICACIÓN, DISTRIBUCIÓN, FABRICACIÓN Y COPYRIGHT
Producción, publicación, distribución, fabricación y copyright Cobán, Alta Verapaz:
Nombre del de productor, editor, distribuidor, fabricante Universidad de San Carlos de Guatemala, Centro Universitario del Norte, Licenciatura en Contaduría Pública y Auditoría.
Fecha de producción, publicación, distribución, fabricación o copyright 2014
300 ## - DESCRIPCIÓN FÍSICA
Extensión 51 p.:
Otras características físicas Ilustraciones, gráficas.
Dimensiones 28 cm; PDF
336 ## - TIPO DE CONTENIDO
Fuente rdacontenido
Término de tipo de contenido Texto
Código de tipo de contenido txt
337 ## - TIPO DE MEDIO
Fuente rdamedio
Nombre/término del tipo de medio Computadora
Código del tipo de medio n
338 ## - TIPO DE SOPORTE
Fuente rdasoporte
Nombre/término del tipo de soporte Código en línea
Código del tipo de soporte cr
502 ## - NOTA DE TESIS
identificador de la tesis .
502 ## - NOTA DE TESIS
Nota de tesis Tesis de grado
Tipo de título Licenciatura en Contaduría Pública y Auditoría.
Nombre de la institución que otorga el título Universidad de San Carlos de Guatemala, Centro Universitario del Norte, Licenciatura en Contaduría Pública y Auditoría.
Año de obtención del título 2014
Identificador de la tesis TCPA 9
520 14 - RESUMEN, ETC.
Sumario, etc. Actualmente el pensum del Centro Universitario del Norte,<br/>específicamente de la carrera de Contaduría Pública y Auditoria, dentro de sus<br/>contenidos a desarrollar hace énfasis en aquellos temas de relevancia y de<br/>actualidad, haciendo consciencia a los estudiantes de esta carrera a prepararse<br/>profesionalmente para enfrentar los cambios derivados de la globalización.<br/><br/>El Ejercicio Profesional Supervisado –EPS- fue realizado en la Dirección<br/>Departamental de Educación de Alta Verapaz, específicamente en el<br/>Departamento Financiero, con el propósito de poder aplicar las diferentes<br/>técnicas y procedimientos de las auditorias aprendidas en el transcurso de la<br/>carrera.<br/><br/>El presente informe se realizó en tres fases, siendo las siguientes:<br/><br/>Primera fase: reconocimiento de la institución, descripción y<br/>jerarquización de los tres problemas más importantes, siendo estos la<br/>asignación incorrecta de fondos del anteproyecto de presupuestos, la aplicación<br/>incorrecta de clasificadores presupuestarios en la ejecución de los programas y<br/>la falta de control para el pago de proveedores en el fondo rotativo.<br/><br/>La segunda fase: fue el plan de trabajo, en donde se describieron las<br/>actividades realizadas para la solución de las deficiencias encontradas<br/>realizando así un anteproyecto de presupuestos para el año 2013 por programa,<br/>un instructivo especifico de ejecución financiera por proyectos y por último se<br/>creó una herramienta informática para llevar el control de pago de proveedores.
650 14 - PUNTO DE ACCESO ADICIONAL DE MATERIA--TÉRMINO DE MATERIA
Fuente del encabezamiento o término LEMB
Término de materia o nombre geográfico como elemento de entrada Alta Verapaz
Subdivisión general anteproyecto
-- presupuestos
-- proveedores
700 ## - ENTRADA AGREGADA--NOMBRE PERSONAL
Nombre de persona Lic. Obdulio Ottoniel León Pacay
Término indicativo de función/relación Asesor
856 ## - LOCALIZACIÓN Y ACCESO ELECTRÓNICOS
Identificador Uniforme de Recurso <a href="https://drive.google.com/file/d/1zW1twCsTT5sesgSWPjYL2Sh2vR8_oABS/view?usp=sharing">https://drive.google.com/file/d/1zW1twCsTT5sesgSWPjYL2Sh2vR8_oABS/view?usp=sharing</a>
Texto de enlace PDF
Nota pública Un ejemplar en línea.
942 ## - ELEMENTOS DE ENTRADA SECUNDARIOS (KOHA)
Fuente de la clasificación o esquema de estantería Clasificación Decimal Dewey
Tipo de ítem Koha TESIS
Parte de la signatura que identifica el ejemplar (Parte del ítem) TCPA_9
Prefijo de la signatura Clasificación
Suprimir en OPAC No
-- TCPA__9
Existencias
Estatus retirado Estado de pérdida Fuente de la clasificación o esquema de estantería Estado de daño No para préstamo Colección Biblioteca de origen Biblioteca actual Ubicación en estantería Fecha de adquisición Número de inventario Total de préstamos Signatura topográfica completa Código de barras Visto por última vez Precio de reemplazo Tipo de ítem Koha
    Clasificación Decimal Dewey     tesis BIBLIOTECA- CUNOR -JOSÉ LUIS GONZALES ROSALES BIBLIOTECA- CUNOR -JOSÉ LUIS GONZALES ROSALES Colección tesis 13/09/2025 TCPA 09   TCPA 09 TCPA 09 13/09/2025 13/09/2025 TESIS